000 00770nam a2200265Ia 4500
001 Para_5453
003 CHAP
008 220125s1922 xx 000 0 und d
010 _a203794
040 _cCHAP
090 _aPA FOLLETO 2794
100 _aCobbs, John L
_924166
245 _aDepartment bulletins nos. 851-875 :
_b with contents and index /
_c John L. Cobbs
260 _aWashington :
_b Department of Agriculture
300 _a19 p.
440 _aEUA. Dep. of Agri. Bull.; 851-875
_9169705
650 _aAgricultura y ganaderĂ­a
_x BibliografĂ­a
_92076
901 _aPA FOLLETO 2794
902 _aA
905 _a0000001922 WAS 0000000000 00
910 _a1922
942 _cPARA
942 _cPARA
_d1
999 _c203794
_d203794